[Event "Dortmund"]
[Site "Dortmund"]
[Date "1997.07.09"]
[Round "5"]
[White "Jussupow, Artur"]
[Black "Ivanchuk, Vassily"]
[Result "1/2-1/2"]
[WhiteElo "2640"]
[BlackElo "2725"]
[PlyCount "79"]
[EventDate "1997.07.04"]
[Source "ChessBase"]
[SourceDate "1997.10.13"]

1. d4 d5 2. c4 c6 3. e3 Bf5 4. Qb3 Qc7 5. cxd5 cxd5 6. Bb5+ Nd7 7. Bd2 e6 8. Nf3 Ne7 9. O-O Nc6 10. Rc1 Rc8 11. Nc3 Be7 12. Na4 O-O 13. a3 Qb8 14. Bxc6 Rxc6 15. Bb4 Rxc1+ 16. Rxc1 Rc8 17. Rc3 Bf6 18. Rxc8+ Qxc8 19. Qc3 Qxc3 20. Nxc3 Bd3 21. Bd6 Bd8 22. Ne5 Nxe5 23. Bxe5 b6 24. Bb8 a6 25. Ba7 Bc2 26. Bb8 Kf8 27. Kf1 Ke7 28. Ke2 Kd7 29. Kd2 Bb3 30. Ne2 Bc4 31. Nf4 g5 32. Nd3 f6 33. Kc3 a5 34. b3 Ba6 35. Bg3 a4 36. bxa4 Be7 37. h4 g4 38. Bf4 Bxa3 39. Nb4 Bf1 40. Kb3 1/2-1/2

[Event "Hofmann Cup"]
[Site "Baden-Baden GER"]
[Date "1995.??.??"]
[Round "7"]
[White "Karpov, Anatoly"]
[Black "Gavrikov, Viktor N"]
[Result "1-0"]
[WhiteElo "2765"]
[BlackElo "2600"]
[PlyCount "103"]
[EventDate "1995.??.??"]
[Source "www.chesslib.no"]
[SourceDate "2004.05.04"]

1. d4 d5 2. c4 c6 3. Nc3 Nf6 4. e3 a6 5. Nf3 b5 6. cxd5 cxd5 7. Ne5 e6 8. Bd2 Nbd7 9. Nd3 Bd6 10. Be2 Ne4 11. Rc1 Qe7 12. Nxe4 dxe4 13. Nc5 Nf6 14. a4 O-O 15. axb5 axb5 16. Bxb5 Rb8 17. Qe2 e5 18. O-O exd4 19. exd4 Bg4 20. Qc4 Nh5 21. h3 Qh4 22. Rc3 Bf3 23. Ne6 Rxb5 24. Qxb5 fxe6 25. Bg5 Be2 26. Qa5 Bb4 27. Qe5 Qxg5 28. Qxg5 Bxc3 29. bxc3 Bxf1 30. Kxf1 Nf4 31. Qe5 Rf6 32. Qxe4 h6 33. c4 Kf7 34. h4 Ng6 35. g3 Ne7 36. Qb7 Rf5 37. Qb6 h5 38. Ke2 Kf6 39. f4 Kf7 40. Kf3 Rf6 41. Qc7 Rf5 42. Ke4 Kf6 43. Qb6 Kf7 44. Qa7 g6 45. Qa8 Kg7 46. Qe8 Rf7 47. Ke5 Nf5 48. c5 Nxg3 49. Kxe6 Rf6+ 50. Kd5 Nf5 51. c6 Rf7 52. c7 1-0

[Event "Las Palmas"]
[Site "?"]
[Date "1993.??.??"]
[Round "?"]
[White "Azmaiparashvili, Z."]
[Black "Anand, V."]
[Result "1/2-1/2"]
[WhiteElo "2655"]
[BlackElo "2710"]
[PlyCount "34"]
[EventDate "1993.??.??"]
[Source "ChessBase"]
[SourceDate "1993.06.01"]

1. c4 c6 2. d4 d5 3. Nc3 Nf6 4. cxd5 cxd5 5. Bf4 Nc6 6. e3 a6 7. Be2 Ne4 8. Nxe4 dxe4 9. f3 e5 10. dxe5 Qa5+ 11. Kf2 Be6 12. Qc2 Rd8 13. Qxe4 Rd2 14. Nh3 Bd5 15. Qf5 Be6 16. Qe4 Bd5 17. Qf5 Be6 1/2-1/2

[Event "Albert (m/4)"]
[Site "?"]
[Date "2004.??.??"]
[Round "?"]
[White "Sokolov, I."]
[Black "Bacrot, E."]
[Result "1-0"]
[WhiteElo "2690"]
[BlackElo "2675"]
[PlyCount "141"]
[EventDate "2004.??.??"]
[Source "Chess Informant"]
[SourceDate "2004.02.01"]

1. d4 d5 2. c4 c6 3. Nc3 Nf6 4. e3 a6 5. Nf3 b5 6. b3 Bg4 7. Be2 Nbd7 8. h3 Bf5 9. Bb2 e6 10. c5 Be7 11. b4 a5 12. a3 axb4 13. axb4 Ne4 14. O-O O-O 15. Qb3 Qc7 16. Ra3 Bf6 17. Rfa1 Rxa3 18. Qxa3 e5 19. Qa7 Qxa7 20. Rxa7 Nxc3 21. Bxc3 e4 22. Nd2 Rc8 23. Nb3 Nf8 24. Na5 Bd7 25. f3 Bg5 26. Kf2 f5 27. fxe4 fxe4 28. Bd1 Bh4+ 29. Ke2 Bg3 30. Be1 Rc7 31. Ra6 Bxe1 32. Kxe1 Ng6 33. Ra8+ Kf7 34. Bh5 Bc8 35. Kf2 Kf6 36. Bxg6 Kxg6 37. Kg3 Kf6 38. h4 h6 39. Kf4 g5+ 40. hxg5+ hxg5+ 41. Kg3 Kf7 42. Nb3 Ke7 43. Nd2 Kd8 44. Nf1 Rh7 45. Nh2 Rh4 46. Ra7 Bd7 47. Ra6 Ke7 48. Ra8 Kf7 49. Nf1 Rh6 50. Kf2 Rf6+ 51. Kg1 Kg7 52. Rd8 Rf7 53. Nd2 Kf6 54. Nb3 Kf5 55. Na5 Kg4 56. Ra8 Rf6 57. Ra7 Be8 58. Re7 Bh5 59. Kh2 Kh4 60. Rc7 Be8 61. Rc8 Bd7 62. Rd8 Bg4 63. Rd6 Rf2 64. Nxc6 Bh5 65. Ne5 Re2 66. Rh6 g4 67. Ng6+ Kg5 68. Rxh5+ Kxg6 69. Rxd5 Rxe3 70. c6 g3+ 71. Kh3 1-0

[Event "Wijk aan Zee 86/430"]
[Site "?"]
[Date "2003.??.??"]
[Round "?"]
[White "Krasenkow, M."]
[Black "Bareev, E."]
[Result "1/2-1/2"]
[WhiteElo "2633"]
[BlackElo "2729"]
[PlyCount "71"]
[EventDate "2003.??.??"]
[Source "Chess Informant"]
[SourceDate "2002.10.01"]

1. d4 d5 2. c4 c6 3. Nc3 Nf6 4. e3 a6 5. Qc2 e6 6. Nf3 c5 7. cxd5 exd5 8. Be2 Nc6 9. O-O Be6 10. Rd1 cxd4 11. Nxd4 Rc8 12. Nxe6 fxe6 13. e4 d4 14. Qb3 Qd7 15. Na4 Na5 16. Qb6 Nc4 17. Qxd4 Qxa4 18. b3 e5 19. Qd3 Qa5 20. bxc4 Bc5 21. Be3 O-O 22. Bxc5 Qxc5 23. Rab1 Rc7 24. Rb3 Rd7 25. Qe3 Rxd1+ 26. Bxd1 Rd8 27. Rd3 Rxd3 28. Qxd3 h6 29. Kf1 Kf7 30. h4 Ke7 31. Bb3 g5 32. hxg5 hxg5 33. Ke2 b6 34. g3 a5 35. Qe3 Qxe3+ 36. Kxe3 1/2-1/2

[Event "Selfoss"]
[Site "?"]
[Date "2003.??.??"]
[Round "?"]
[White "Vallejo Pons, F."]
[Black "Sokolov, I."]
[Result "0-1"]
[WhiteElo "2662"]
[BlackElo "2695"]
[PlyCount "66"]
[EventDate "2003.??.??"]
[Source "Chess Informant"]
[SourceDate "2003.10.01"]

1. d4 d5 2. c4 c6 3. Nc3 Nf6 4. e3 a6 5. Nf3 b5 6. b3 Bg4 7. h3 Bxf3 8. gxf3 Nbd7 9. f4 e6 10. c5 Ne4 11. Nxe4 dxe4 12. Bg2 f5 13. f3 exf3 14. Bxf3 Rc8 15. Qe2 Nf6 16. Bd2 Nd5 17. e4 Qh4+ 18. Kd1 Nxf4 19. Qe1 Ng6 20. exf5 Qxd4 21. Qxe6+ Ne7 22. Ke2 Qd7 23. Qe3 h5 24. Raf1 Kf7 25. Kd1 Nd5 26. Qg5 Be7 27. Qg6+ Kg8 28. Rhg1 Bxc5 29. Bxd5+ cxd5 30. f6 Bxg1 31. f7+ Kf8 32. Rxg1 Qxf7 33. Qxa6 Qf3+ 0-1

[Event "CECLUB Finals"]
[Site "Calvia ESP"]
[Date "2007.10.21"]
[Round "2"]
[White "Tkachiev, V."]
[Black "Bacrot, E."]
[Result "1/2-1/2"]
[WhiteElo "2661"]
[BlackElo "2695"]
[PlyCount "44"]
[EventDate "2007.10.20"]
[Source "www.chesslib.no"]
[SourceDate "2004.05.04"]

1. d4 d5 2. c4 c6 3. Nc3 Nf6 4. e3 a6 5. Nf3 b5 6. b3 Bg4 7. h3 Bxf3 8. Qxf3 e5 9. dxe5 Bb4 10. Bd2 Bxc3 11. Bxc3 Ne4 12. Bb4 bxc4 13. Bxc4 Qb6 14. a3 a5 15. Bd6 Nxd6 16. exd6 O-O 17. Be2 Qc5 18. O-O Qxd6 19. e4 Nd7 20. exd5 cxd5 21. b4 axb4 22. axb4 Rxa1 1/2-1/2

[Event "ch-Euro Blitz"]
[Site "Ajaccio FRA"]
[Date "2007.10.26"]
[Round "26"]
[White "Bacrot, E."]
[Black "Fressinet, L."]
[Result "0-1"]
[WhiteElo "2695"]
[BlackElo "2654"]
[PlyCount "67"]
[EventDate "2007.10.25"]
[Source "www.chesslib.no"]
[SourceDate "2004.05.04"]

1. d4 d5 2. c4 c6 3. Nc3 Nf6 4. cxd5 cxd5 5. Bf4 Nc6 6. e3 a6 7. Nf3 Bf5 8. Rc1 Rc8 9. Be2 e6 10. O-O Be7 11. Ne5 Nxe5 12. Bxe5 O-O 13. Qb3 Nd7 14. Bg3 Qb6 15. h3 Qxb3 16. axb3 Rc6 17. Na4 Rfc8 18. Rxc6 Rxc6 19. Ra1 Bc2 20. Bd1 Bxd1 21. Rxd1 Rc2 22. Rb1 Bb4 23. Kf1 Kf8 24. f3 Ke8 25. e4 dxe4 26. fxe4 Nf6 27. Be1 Be7 28. Nc3 Bb4 29. Na4 a5 30. Bxb4 axb4 31. Re1 Nd7 32. Rd1 e5 33. dxe5 b5 34. Rd5 0-1

[Event "ch-Euro Blitz"]
[Site "Ajaccio FRA"]
[Date "2007.10.25"]
[Round "21"]
[White "Bacrot, E."]
[Black "Bareev, E."]
[Result "1/2-1/2"]
[WhiteElo "2695"]
[BlackElo "2653"]
[PlyCount "109"]
[EventDate "2007.10.25"]
[Source "www.chesslib.no"]
[SourceDate "2004.05.04"]

1. d4 d5 2. c4 c6 3. Nc3 Nf6 4. e3 a6 5. Bd3 dxc4 6. Bxc4 b5 7. Bb3 e6 8. Nf3 c5 9. O-O Bb7 10. e4 cxd4 11. Nxd4 Nc6 12. Nxc6 Qxd1 13. Rxd1 Bxc6 14. f3 Bc5+ 15. Kf1 Rc8 16. Bf4 Ke7 17. Rac1 Nd7 18. Ne2 Rhd8 19. Bg3 Bb6 20. Bh4+ f6 21. Bf2 Bxf2 22. Kxf2 Bb7 23. Nf4 Nf8 24. Rxc8 Rxc8 25. Nh5 g6 26. Nf4 a5 27. a4 bxa4 28. Bxa4 g5 29. Ne2 Bc6 30. Rc1 Bd7 31. Rxc8 Bxc8 32. Nd4 Bd7 33. Bxd7 Nxd7 34. Nc6+ Kd6 35. Nxa5 Kc5 36. Ke3 Ne5 37. Nb3+ Kb4 38. Nd2 Nd7 39. Kd4 Nb6 40. g3 e5+ 41. Ke3 Na4 42. b3 Nc5 43. Nc4 Kxb3 44. Nd6 Nd7 45. f4 exf4+ 46. gxf4 Kb4 47. Nf7 g4 48. e5 fxe5 49. fxe5 Kc5 50. e6 Nf6 51. Kf4 Kd5 52. e7 Ke6 53. Ng5+ Kxe7 54. Nxh7 Nxh7 55. Ke4 1/2-1/2

[Event "Dos Hermanas 81/296"]
[Site "?"]
[Date "2001.??.??"]
[Round "?"]
[White "Gurevich, M."]
[Black "Sokolov, I."]
[Result "0-1"]
[WhiteElo "2688"]
[BlackElo "2659"]
[PlyCount "150"]
[EventDate "2001.??.??"]
[Source "Chess Informant"]
[SourceDate "2001.02.01"]

1. d4 Nf6 2. c4 c6 3. Nc3 d5 4. e3 a6 5. Qc2 g6 6. Bd3 Bg7 7. Nf3 O-O 8. O-O Bg4 9. Ne5 Be6 10. b3 c5 11. Ne2 cxd4 12. exd4 Nc6 13. Nxc6 bxc6 14. Bf4 Nh5 15. Be5 dxc4 16. Bxc4 Bf5 17. Qc3 Nf6 18. Ng3 Bd7 19. Rfe1 Bh6 20. h3 Nd5 21. Qf3 a5 22. Ne4 Nb6 23. Nc5 Bd2 24. Re2 Bb4 25. Bd3 Nd5 26. a3 Bxc5 27. dxc5 f6 28. Bb2 e5 29. Bc4 Be6 30. Rd2 Qe7 31. Rc1 Rfd8 32. g3 Rd7 33. h4 Kg7 34. Qe2 Rad8 35. Qe1 Bg4 36. Bf1 Qe6 37. b4 axb4 38. axb4 Bf3 39. Kh2 Rb8 40. b5 cxb5 41. Bh3 Qc6 42. Bxd7 Qxd7 43. c6 Qf5 44. c7 Rc8 45. Rc5 Nf4 46. Qf1 b4 47. Rc4 Bg2 48. Qxg2 Nxg2 49. Kxg2 Qe6 50. Rc1 Qf7 51. Rdc2 Qd5+ 52. Kg1 h6 53. Rc4 Qd2 54. R4c2 Qd7 55. Rc4 g5 56. hxg5 hxg5 57. Rxb4 Rxc7 58. Rxc7 Qxc7 59. Ba3 Qc3 60. Ra4 Kg6 61. Ra6 Qd3 62. Ra7 Qd1+ 63. Kg2 Qd5+ 64. Kg1 Qd4 65. Rc7 Qa1+ 66. Bc1 f5 67. Kg2 Qa8+ 68. Kg1 f4 69. gxf4 gxf4 70. Rc3 Kf5 71. Kf1 Qa1 72. Rc7 Qa6+ 73. Kg2 Qa8+ 74. f3 Qa2+ 75. Kf1 Qa6+ 0-1

[Event "Eurotel Trophy"]
[Site "Prague"]
[Date "2002.04.29"]
[Round "1.1"]
[White "Jussupow, Artur"]
[Black "Bareev, Evgeny"]
[Result "1/2-1/2"]
[WhiteElo "2618"]
[BlackElo "2724"]
[PlyCount "81"]
[EventDate "2002.04.28"]
[Source "ChessBase"]
[SourceDate "2002.08.12"]

1. d4 d5 2. c4 c6 3. Nc3 Nf6 4. e3 a6 5. Nf3 b5 6. cxd5 cxd5 7. Bd3 e6 8. O-O Bb7 9. Bd2 Bd6 10. a3 O-O 11. Ne2 Ne4 12. Ng3 Nd7 13. Bb4 Bxb4 14. axb4 Qe7 15. Qb3 Rac8 16. Rfc1 Nb8 17. Bxe4 dxe4 18. Nd2 Bd5 19. Qa3 Qb7 20. Nb3 Rxc1+ 21. Rxc1 Bxb3 22. Qxb3 Rc8 23. Rxc8+ Qxc8 24. Qc3 Qxc3 25. bxc3 f5 26. f3 exf3 27. gxf3 Nd7 28. e4 Nb6 29. Kf2 Na4 30. Ne2 Kf7 31. Ke3 Kf6 32. e5+ Ke7 33. d5 exd5 34. Kd4 g5 35. Kxd5 Nb6+ 36. Kd4 Ke6 37. f4 h6 38. Kc5 Na4+ 39. Kd4 Nb6 40. Kc5 Na4+ 41. Kd4 1/2-1/2

[Event "Poikovsky RUS"]
[Site "?"]
[Date "2006.03.18"]
[Round "1"]
[White "Sokolov Ivan"]
[Black "Najer Evgeniy"]
[Result "1/2-1/2"]
[WhiteElo "2689"]
[BlackElo "2652"]
[PlyCount "97"]
[EventDate "2006.??.??"]
[Source "www.chesslib.no"]
[SourceDate "2004.05.04"]

1. d4 d5 2. c4 c6 3. Nc3 Nf6 4. e3 a6 5. Nf3 e6 6. b3 Bb4 7. Bd2 O-O 8. Bd3 Nbd7 9. O-O Bd6 10. Qc2 h6 11. Ne2 c5 12. cxd5 exd5 13. Ng3 Re8 14. Bc3 b6 15. Rad1 Bb7 16. Qb2 Ne4 17. Bxe4 dxe4 18. Nd2 Qg5 19. Nc4 Bc7 20. d5 Rad8 21. d6 Bb8 22. b4 b5 23. h4 Qg4 24. Ne5 Nxe5 25. Bxe5 cxb4 26. h5 a5 27. Rd2 Rd7 28. Rfd1 Ba7 29. Bd4 Bb8 30. Be5 Ba7 31. a3 Qe6 32. Bxg7 bxa3 33. Qa1 Kh7 34. Ne2 b4 35. Nf4 Qf5 36. Nd5 Bxd5 37. Rxd5 Qg4 38. Bd4 Rg8 39. g3 Bxd4 40. Qxd4 Rg5 41. Rxg5 hxg5 42. h6 f6 43. Qd5 Kxh6 44. Rd4 Kg7 45. Qxa5 Qe6 46. Qxb4 a2 47. Qa3 Rb7 48. d7 Rxd7 49. Rxd7+ 1/2-1/2

[Event "Pula"]
[Site "?"]
[Date "1999.??.??"]
[Round "?"]
[White "Azmaiparashvili, Z."]
[Black "Almasi, Z."]
[Result "1/2-1/2"]
[WhiteElo "2680"]
[BlackElo "2660"]
[PlyCount "77"]
[EventDate "1999.??.??"]
[Source "Chess Informant"]
[SourceDate "1999.10.01"]

1. d4 d5 2. c4 c6 3. Nc3 Nf6 4. cxd5 cxd5 5. Bf4 Nc6 6. e3 a6 7. Be2 Bf5 8. g4 Bd7 9. f3 e6 10. Bd3 Bb4 11. Nge2 Qe7 12. a3 Bd6 13. g5 Nh5 14. Bxd6 Qxd6 15. f4 g6 16. Qd2 Na5 17. Rd1 Ng7 18. b4 Nc6 19. e4 Ne7 20. h4 Qb6 21. Rb1 dxe4 22. Nxe4 Nh5 23. Rh3 Rd8 24. Qc3 Rc8 25. Qd2 Nd5 26. Nc5 Bb5 27. Rf3 Rd8 28. Bxb5+ axb5 29. Rc1 O-O 30. Qd3 Rc8 31. Kf2 Rc7 32. Qe4 Qd6 33. Qe5 Qxe5 34. fxe5 Ng7 35. Nc3 b6 36. Nxb5 Rc6 37. Na7 Rc7 38. Nb5 Rc6 39. Na7 1/2-1/2

[Event "Amber-blind 5th"]
[Site "Monte Carlo"]
[Date "1996.??.??"]
[Round "11"]
[White "Nikolic, Predrag"]
[Black "Shirov, Alexei"]
[Result "1/2-1/2"]
[WhiteElo "2645"]
[BlackElo "2690"]
[PlyCount "85"]
[EventDate "1996.04.??"]
[Source "ChessBase"]

1. d4 d5 2. c4 c6 3. e3 Nf6 4. Bd3 e5 5. Ne2 exd4 6. Nxd4 c5 7. Nf3 dxc4 8. Bxc4 Qxd1+ 9. Kxd1 Be7 10. Ke2 a6 11. a4 b6 12. b3 Nc6 13. Nbd2 Rb8 14. Bb2 b5 15. axb5 axb5 16. Bd3 O-O 17. Bxf6 Bxf6 18. Rac1 Be7 19. Ne4 c4 20. bxc4 b4 21. Ra1 b3 22. Rhb1 Bg4 23. Ned2 b2 24. Ra2 Bf6 25. Ne4 Be5 26. h3 Bxf3+ 27. gxf3 f5 28. Nc5 Nb4 29. Ra4 g6 30. f4 Bh8 31. Na6 Nxd3 32. Kxd3 Rfd8+ 33. Kc2 Rbc8 34. c5 Rc6 35. Kb3 Bf6 36. Kc4 Rd2 37. Nb4 Rc8 38. Nd5 Bh4 39. Ra3 Rxf2 40. Rb3 Rc2+ 41. Rc3 Rd2 42. Rb3 Rc2+ 43. Rc3 1/2-1/2